| 000 | 00930cam a2200301 a 4500 | ||
|---|---|---|---|
| 001 | 2206 | ||
| 005 | 20260319110744.0 | ||
| 020 | _a0439087554 | ||
| 020 | _a9780439669412 | ||
| 020 | _a0439087562 | ||
| 040 |
_aDLC _cDLC _dDLC _beng |
||
| 050 | 0 | 0 |
_aPZ7.V1916 _bSo 2002 |
| 082 | 0 | 0 |
_a507 _221 |
| 100 | 1 | _aVail, Rachel | |
| 245 | 1 | 0 |
_aSometimes I'm Bombaloo / _cby Rachel Vail ; illustrated by Yumi Heo. |
| 250 | _aFirst Bookshelf edition, February 2005 | ||
| 260 |
_aNew York : _bScholastic, _c2002 |
||
| 300 |
_a29 unnumbered pages : _billustrations _c20x25 cm |
||
| 505 | _aM | ||
| 520 | _aWhen Katie Honors feels angry and out of control, her mother helps her to be herself again. | ||
| 521 |
_a640 _bLexile |
||
| 521 |
_aM _bRaz-Plus |
||
| 650 | 1 |
_aAnger _vFiction. |
|
| 650 | 1 |
_aEmotions _vFiction. |
|
| 700 | 1 |
_aHeo, Yumi _eillustrator |
|
| 906 |
_a7 _bcbc _corignew _d1 _eocip _f19 _gy-gencatlg |
||
| 942 |
_2ddc _cBK _n0 |
||
| 999 |
_c2206 _d2206 |
||